000 00859nam a2200265 a 4500
001 24635
003 CO-ViMGA
005 20230915232011.0
008 141112s2004 ck r 000 u spa d
015 _ack - 2000 - xxxx
020 _a9507312609
035 _aAGZ6553 LA
040 _aCO-ViMGA
_bspa
_cCO-ViMGA
041 _aspa
043 _as - ag - - -
082 0 4 _aA864.6 S11r
100 1 _aSábato, Ernesto, 1911 - 2011
_936698
245 1 0 _aLa resistencia /
_cErnesto Sabato.
260 _aSantafé de Bogotá ; Buenos Aires :
_bSeix Barral,
_c2000.
300 _a148 p. ; 21 cm.
650 1 4 _aEnsayos argentinos.
942 _2ddc
_cBK
949 _an n
999 _c32448
_d32448